[Event "IND-ch U09 37th"]
[Site "Pune"]
[Date "2024.12.28"]
[Round "3"]
[White "Devanarayanan, Kalliyath"]
[Black "Aarit, Kapil"]
[Result "0-1"]
[WhiteElo "1502"]
[BlackElo "1829"]
[PlyCount "64"]
[EventDate "2024.12.27"]
[EventType "swiss"]
[EventRounds "11"]
[EventCountry "IND"]
[SourceTitle "CB02_2025"]
[SourceDate "2025.01.08"]
[SourceVersion "1"]
[SourceVersionDate "2025.01.08"]
[SourceQuality "1"]

1. d4 d5 2. Nf3 Nf6 3. g3 e6 4. Bg2 Be7 5. 0-0 0-0 6. b3 c5 7. e3 Nc6 8. Bb2 Bd7 9. Nbd2 Rc8 10. c3 Re8 11. dxc5 Bxc5 12. b4 Bd6 13. a3 Ne5 14. Nxe5 Bxe5 15. Qb3 a5 16. Rac1 a4 17. Qa2 b5 18. Rfd1 Qb6 19. e4 Ng4 20. Rf1 h5 21. exd5 h4 22. c4 hxg3 23. hxg3 exd5 24. c5 Qh6 25. Nf3 Bxg3 26. Qxd5 Bh2+ 27. Kh1 Be5+ 28. Kg1 Bc6 29. Qxe5 Rxe5 30. Bxe5 Nxe5 31. Nxe5 Bxg2 32. Kxg2 Qg5+ 0-1